000 00642nam a2200229Ia 4500
003 OSt
005 20220923221704.0
006 a|||||r|||| 00| 0
007 ta
008 220922b |||||||| |||| 00| 0 hin d
024 _a199,317
037 _cTextual
040 _aARTS
_cARTS
_bhin
041 _2hin
_ahin
082 _aQ:31, 152H4
100 _aउपाध्याय, गंगाप्रसाद
245 0 _aआस्तिकवाद
246 _aĀstikavāda
260 _c1997
942 _hQ:31, 152H4
_cTEXL
_2CC
999 _c351092
_d351092